=LDR 00000nam 2200000 4500 =001 INLIS000000000058197 =005 20210901100310 =035 ##$$a 0010-0921000001 =007 ta =008 210901###########################0#ind## =020 ##$$a 978-979-769-369-5 =082 ##$$a 324.6 =084 ##$$a 324.6 Suh p.1 =245 1#$$a Pemilukada : $b Regulasi, Dinamika, dan Konsep Mendatang /$c Dr. Suharizal, SH,. MH =250 ##$$a Cet.2 =300 ##$$a 243 halaman : $b Ilustrasi ; $c 21 cm =650 #4$$a Pemilihan Umum =264 ##$$a jakarta :$b Rajawali Press,$c 2012 =336 ##$$a teks$2 rdacontent =337 ##$$a lain-lain$2 rdamedia =338 ##$$a lain-lain$2 rdacarrier =990 ##$$a 07780778 =990 ##$$a 07780778